El partido comunista en Chile: una historia presente

Kaydedildi:
Detaylı Bibliyografya
Asıl Yazarlar: Varas, Augusto (Yazar), Riquelme, Alfredo (Yazar), Casals, Marcelo (Yazar)
Materyal Türü: Kitap
Dil:İspanyolca
Baskı/Yayın Bilgisi: Santiago Catalonia 2010
Edisyon:2a. ed
Konular:
Etiketler: Etiketle
Etiket eklenmemiş, İlk siz ekleyin!

MARC

LEADER 00000nam a2200000 a 4500
001 UCG2683
003 CL-VaPUC
008 100715e20100100CL |||||||||||||||||spa|d
020 |a 9789563240504 
082 0 4 |a 324.283  |b VAR  |2 21 
100 0 |a Varas, Augusto  |e author  |9 551215 
700 0 |a Riquelme, Alfredo  |e author  |9 551216 
700 0 |a Casals, Marcelo  |e author  |9 551217 
245 1 3 |a El partido comunista en Chile: una historia presente 
250 |a 2a. ed 
300 |a 381 p 
942 |c BK 
945 |d 20100715 00:00:00  |a mfarfan 
260 |a Santiago  |b Catalonia  |c 2010 
650 0 |a Partido comunista   |9 340375 
650 0 |a Partidos políticos  |9 254999 
651 7 |a CHILE  |2 CL-VaPUC  |9 551218 
583 |a last modification  |c 20100715 00:00:00  |k Rodrigo Vera 
999 |c 341813  |d 341811 
952 |0 0  |1 0  |4 0  |6 324_283000000000000_VAR_2010  |7 0  |8 A  |9 437574  |a BIBHIS  |b BIBHIS  |d 2019-11-22  |i 4695925  |o 324.283 VAR 2010  |p 4695925  |r 2025-01-20  |w 2019-11-22  |y BK  |k HIS